Normal view
MARC view
Entry Personal Name
001 - CONTROL NUMBER
- control field: 782895
003 - CONTROL NUMBER IDENTIFIER
- control field:
005 - DATE AND TIME OF LATEST TRANSACTION
- control field: 20210627054218.0
008 - FIXED-LENGTH DATA ELEMENTS
- fixed length control field: 210627|| aca||aabn | a|a d
040 ## - CATALOGING SOURCE
- Original cataloging agency:
- Transcribing agency:
100 ## - HEADING--PERSONAL NAME
- Personal name: Rajagopalachari, Parthasarathi,
- Dates associated with a name: 1927-
670 ## - SOURCE DATA FOUND
- Source citation: Work cat.: ()659430: Rajagopalachari, Parthasarathi, 1927-, The heart of education at lalaji memorial omegainternational school /, 2015
